| 000 | 00692nam a22002297a 4500 | ||
|---|---|---|---|
| 005 | 20170124105947.0 | ||
| 010 | _aA-148120 | ||
| 020 | _c5.00 | ||
| 035 | _aA-148120 | ||
| 037 | _bCen Lib/Ret | ||
| 040 |
_aDPL _bEN |
||
| 082 |
_a260.33 _bMAN |
||
| 100 |
_aMansukhani, Gobind Singh _912502 |
||
| 245 |
_aLife of guru nanak / _cby Gobind Singh Mansukhani |
||
| 260 |
_aNew Delhi _bGuru Nanak Foundation _c1974 |
||
| 270 |
_a84, Jor Bagh _bNew Delhi _e110003 |
||
| 300 |
_ax, 135p. _c17cm(Hb) |
||
| 500 | _aIncludes bibliographical references and index | ||
| 650 |
_aSikhism _93669 |
||
| 650 |
_aBiographies _x Guru nanak _912503 |
||
| 942 |
_2ddc _cEN _h260.33 _mMAN |
||
| 999 |
_c124952 _d124952 |
||